<?xml version='1.0' encoding='UTF-8'?>
  <record xmlns="http://www.loc.gov/MARC21/slim">
    <leader>00000ntm a2200000 i 4500</leader>
    <controlfield tag="001">ocn965407456</controlfield>
    <controlfield tag="003">OCoLC</controlfield>
    <controlfield tag="005">20241001015849.4</controlfield>
    <controlfield tag="008">130819q1830    ne            000 0 dut d</controlfield>
    <datafield tag="040" ind1=" " ind2=" ">
      <subfield code="a">QGJ</subfield>
      <subfield code="b">dut</subfield>
      <subfield code="c">QGJ</subfield>
      <subfield code="d">OCLCO</subfield>
      <subfield code="d">OCLCL</subfield>
      <subfield code="d">OCLCQ</subfield>
    </datafield>
    <datafield tag="035" ind1=" " ind2=" ">
      <subfield code="a">(OCoLC)965407456</subfield>
    </datafield>
    <datafield tag="041" ind1=" " ind2=" ">
      <subfield code="a">dut</subfield>
    </datafield>
    <datafield tag="245" ind1="0" ind2="0">
      <subfield code="a">Catalogus van boetseersels in was.</subfield>
      <subfield code="f">UBU E 2 u-1.</subfield>
    </datafield>
    <datafield tag="246" ind1="1" ind2=" ">
      <subfield code="a">Catalogus der was-praeparaten</subfield>
    </datafield>
    <datafield tag="260" ind1=" " ind2=" ">
      <subfield code="a">[Utrecht],</subfield>
      <subfield code="c">[ca. 1830]</subfield>
    </datafield>
    <datafield tag="300" ind1=" " ind2=" ">
      <subfield code="a">15 fol. ;</subfield>
      <subfield code="c">320 x 200 mm</subfield>
    </datafield>
    <datafield tag="336" ind1=" " ind2=" ">
      <subfield code="a">text</subfield>
      <subfield code="b">txt</subfield>
      <subfield code="2">rdacontent</subfield>
    </datafield>
    <datafield tag="337" ind1=" " ind2=" ">
      <subfield code="a">unmediated</subfield>
      <subfield code="b">n</subfield>
      <subfield code="2">rdamedia</subfield>
    </datafield>
    <datafield tag="338" ind1=" " ind2=" ">
      <subfield code="a">volume</subfield>
      <subfield code="b">nc</subfield>
      <subfield code="2">rdacarrier</subfield>
    </datafield>
    <datafield tag="340" ind1=" " ind2=" ">
      <subfield code="a">papier</subfield>
      <subfield code="k">aanwijzingenblad.</subfield>
    </datafield>
    <datafield tag="500" ind1=" " ind2=" ">
      <subfield code="a">Het handschrift is van de maker van al deze 182 beschreven wasmodellen die vanaf 1816 zijn vervaardigd (een is van 'Gibs' gemaakt) door Petrus Koning (1787-1834). Alleen de ca. 50 anatomische modellen zijn bewaard gebleven. Het leeuwendeel daarvan is te bezichtigen in het anatomisch museum van het UMCU in de Uithof. Het U-museum heeft 3 Koning-modellen en het Museum Boerhaave te Leiden heeft ook 3 Koning-modellen in permanente bruikleen.</subfield>
    </datafield>
    <datafield tag="500" ind1=" " ind2=" ">
      <subfield code="a">De Koning wasmodellen zijn in 2006 gefotografeerd in: Petrus Koning, anatomie in was / [red. Ronald Bleys ... et al.]. - Utrecht : Universitair Medisch Centrum Utrecht, 2006.</subfield>
    </datafield>
    <datafield tag="505" ind1="0" ind2=" ">
      <subfield code="a">[1.] Van het menschelijke ligchaam. [2.] Van de viervoetige dieren. [3.] Van de vogelen. [4.] Van de amphijbiën. [5.] Van de visschen. [6. Bijlage.] Eenige aanwijzingen. -- 1 blad, ca. 1900.</subfield>
    </datafield>
    <datafield tag="500" ind1=" " ind2=" ">
      <subfield code="a">Omslagtitel: Catalogus der was-praeparaten.</subfield>
    </datafield>
    <datafield tag="600" ind1="1" ind2="4">
      <subfield code="a">Koning, Petrus,</subfield>
      <subfield code="d">1787-1834.</subfield>
    </datafield>
    <datafield tag="655" ind1=" " ind2="7">
      <subfield code="a">Handschriften (vorm)</subfield>
      <subfield code="0">(NL-LeOCL)088143309.</subfield>
      <subfield code="2">gtt</subfield>
    </datafield>
    <datafield tag="700" ind1="1" ind2=" ">
      <subfield code="a">Koning, Petrus,</subfield>
      <subfield code="d">1787-1834.</subfield>
      <subfield code="1">https://id.oclc.org/worldcat/entity/E39PBJdCq9XfddJ9D86t3WK8G3</subfield>
    </datafield>
    <datafield tag="936" ind1=" " ind2=" ">
      <subfield code="a">BATCHLOAD</subfield>
    </datafield>
  </record>